01315nam a2200313 a 450000100060000000300100000600500170001600700030003300800410003602000180007704000300009504300120012508200190013724000330015624502390018925000180042830000470044633600270049333700330052033800280055365000670058165000570064865000610070565100530076670000390081970000350085870000540089370000540094738540CO-BoRNBP20250801162558.0ta150521s2014 ck o gr 00010 spa d a9789585841314 aCO-BoBLA bspa cCO-BoBLA as-ck---04a918.156 bM37 10aMeta-Bibliografía regional03aEl Meta: los llanos son vida : después de esta tierra existe un lugar llamado paraíso / ctextos Jaime Fernández Molano, Henry Benjumea Yepes ; fotografías Andrés Hurtado García ; coordinación Orlando Peña Rodríguez. a1a. edición a131 páginas : bfotografías ; c22 cm. 2rdacontentatextobtxt 2rdamediaasin mediaciónbn 2rdacarrieravolumenbnc 7aRecursos naturalesz Meta (Colombia)v Fotografías.2BLAAUTO 7aPaisajesz Meta (Colombia)v Fotografías.2BLAAUTO 7aFestividadesz Meta (Colombia)v Fotografías.2BLAAUTO 7aMeta (Colombia)x Descripciónv Fotografías.1 aFernández Molano, Jaime, d1960-1 aBenjumea Yepes, Henry, d1957-1 aHurtado García, Andrés, d1941-efotógrafo.1 aPeña Rodríguez, Orlando,d1971-ecoordinador.